00807nam a2200253 i 4500003000900000005001700009008004100026020000600067040004300073041000800116082002000124100003100144245005800175264004700233300003800280336002200318337002400340338003300364504003300397546002000430650003600450651001000486856005700496EG-GICUC20260218120131.0260218s1984 ce |fr|||| 001 0 eng d a  aEG-GiCUCbengcEG-GiCUCdEG-GiCUCerda0 aeng04221a341bWE . L1 aWeeramantry, C. GeAuthor.10aLaw: The Threatened Peripheries /cC. G. Weeramantry. 1aColombo :bLake House Investments,c1984. a274 pages,c24 cmbillustrations, 2rda contentatext 2rda mediaaComputer 2rda carrieraOnline Resource aBibliography: pages 200-250. aText in English14aPublic international law2qrmak1 2qrmak40uhttps://fll.law.cu.edu.eg/fulltext/bks/B11-08068.pdf